| 000 | 00370nam a2200145Ia 4500 | ||
|---|---|---|---|
| 008 | 191201s2005 xx 000 0 und d | ||
| 082 |
_a005.26 _bMAI |
||
| 100 | _aMATHUR, Aditya P | ||
| 245 | 0 | _aIntroduction to Microprocessors | |
| 250 | _a3rd | ||
| 260 |
_aN.Delhi _bTata Mc Graw Hill Pubg. co. Ltd _c2005 |
||
| 300 | _a612 | ||
| 650 | _aB.Tech(CSE) | ||
| 942 |
_2ddc _cBK |
||
| 999 |
_c1165 _d1165 |
||